| 000 | 01336cam a22003254a 4500 | ||
|---|---|---|---|
| 001 | 12761531 | ||
| 003 | OSt | ||
| 005 | 20151125110808.0 | ||
| 008 | 020501s2004 maua 001 0 eng | ||
| 010 | _a 2002070977 | ||
| 020 | _a007236372X (student ed. : acidfree paper) | ||
| 040 |
_aDLC _cDLC _dDLC |
||
| 042 | _apcc | ||
| 050 | 0 | 0 |
_aQA154.3 _b.M55 2004 |
| 082 | 0 | 0 |
_a512 _221 |
| 100 | 1 |
_aMiller, Julie, _d1962- |
|
| 245 | 1 | 0 |
_aIntermediate algebra / _cJulie Miller, Molly O'Neil. |
| 250 | _a1st ed. | ||
| 260 |
_aBoston : _bMcGraw-Hill Higher Education, _cc2004. |
||
| 300 |
_axxi, 793 p. : _bill. (some col.) ; _c26 cm. + _e1 CD-ROM (4 3/4 in.) |
||
| 500 | _aIncludes indexes. | ||
| 538 | _aSystem requirements for accompanying computer disk: Macintosh OS 8.x, 9.x, X; Windows 95, 98, 2000, XP. | ||
| 650 | 0 | _aAlgebra. | |
| 700 | 1 |
_aO'Neill, Molly, _d1953- |
|
| 856 | 4 | 2 |
_3Publisher description _uhttp://www.loc.gov/catdir/enhancements/fy0701/2002070977-d.html |
| 856 | 4 | 1 |
_3Table of contents only _uhttp://www.loc.gov/catdir/enhancements/fy0701/2002070977-t.html |
| 906 |
_a7 _bcbc _corignew _d1 _eocip _f20 _gy-gencatlg |
||
| 942 |
_2lcc _cBK |
||
| 999 |
_c251521 _d251521 |
||